UK Cryptic High Street Shops and Eateries - Statistics

General Stats
  • This quiz has been taken 42 times
  • The average score is 5 of 14
Answer Stats
Hint Answer % Correct
Skinny Head Fat Face
63%
Old See New Look
57%
Moon Dollars Starbucks
57%
Cena Hamilton John Lewis
53%
Buy Freezers Selfridges
53%
Stream Inland River Island
47%
Black Things White Stuff
40%
Shoes Boots
37%
Cardboard Run Paperchase
37%
Humans at Work Pets At Home
37%
Coffee Ketamine Minimum TKMaxx
27%
Aroma Market Perfume Shop
20%
Standby Petunia Waitrose
13%
Submerging Dollar Testicles Dunkin Donuts
7%
No matching quizzes found
Score Distribution
Percent of People with Each Score
Percentile by Number Answered
Your Score History
You have not taken this quiz